000 00273nam a22001097a 4500
082 _a951
_bCON
245 _a2014 The Consular Affairs of China /
260 _aChina :
_bMinistry of Foreign Affairs,
_c2014.
300 _a95 p. ;
_c24 cm.
563 _aH.B.
942 _2ddc
_cBK
999 _c593156
_d593156